000 00968nam a2200241 a 4500
001 000017494
003 DO-SdBNP
005 20260303133933.0
008 100325s1994 dr a 000 h spa d
040 _aDO-SdBNP
_bspa
_cBNPHU
082 4 _aRD867.44
_bT233m
_222
100 1 _aTaveras Guzmán, Juan Arístides,
_d1936-
_92592
245 1 0 _aMatilí :
_b¿genialidad o locura? /
_cJuan Arístides Taveras Guzmán.
260 _aSanto Domingo :
_bImpresos Profecionales,
_c1994.
300 _a99 p. :
_bil. ;
_c21 cm.
500 _aIncluye datos biográficos del autor en la solapa de la cubierta
590 _aLa biblioteca posee 1 ejemplar autografiado por el autor
600 1 4 _aRODRÍGUEZ, MATILÍ,
_d1891
_vANÉCDOTAS, CHISTES, SÁTIRAS, ETC.
_938211
650 0 _aHumorismo dominicano
_9275
651 4 _aMoca (República Dominicana)
_vBiografías
_vAnécdotas, chistes, sátiras, etc.
_938212
910 _aValidado. Control de calidad MFF
942 _2ddc
_cLBS1
999 _c17019
_d17019